| 000 | 01563 a2200265 4500 | ||
|---|---|---|---|
| 999 |
_c10715 _d10715 |
||
| 020 | _a9781526496812 | ||
| 020 | _a9781526496829 | ||
| 050 |
_aR726.5 _bAYE 2021 |
||
| 100 | 1 |
_aAyers, Susan, _eauthor. _d1964- |
|
| 245 | 1 | 0 |
_aPsychology for medicine and healthcare / _cSusan Ayers, Richard de Visser. |
| 250 | _aThird edition | ||
| 264 | 1 |
_aThousand Oaks : _bSAGE Publications, _c2021. |
|
| 300 | _axvii, 668 pages cm | ||
| 336 |
_atext _btxt _2rdacontent |
||
| 337 |
_aunmediated _bn _2rdamedia |
||
| 338 |
_avolume _bnc _2rdacarrier |
||
| 504 | _aIncludes index | ||
| 505 | _a1. Psychology and medicine Section I: Psychology and health 2. Motivation, emotion, and health 3. Stress and health 4. Symptoms and illness 5. Health and behaviour 6. Chronic illness, death, and dying Section II: Basic foundations of psychology 7. Brain and behaviour 8. Psychosocial development across the lifespan 9. Social psychology 10. Cognitive psychology Section III: Body systems 11. Immunity and protection 12. Cardiovascular and respiratory health 13. Gastrointestinal health 14. Reproduction and endocrinology 15. Genitourinary medicine 16. Psychiatry and neurology Section IV: Healthcare practice 17. Evidence-based practice 18. Clinical interviewing 19. Psychological intervention | ||
| 520 | _a"A large textbook in colour about psychology in healthcare and medicine"-- | ||
| 650 | _a Medicine and psychology | ||
| 650 | _aPsychology | ||
| 700 | 1 |
_aDe Visser, Richard, _eauthor. |
|
| 942 |
_2lcc _cBK _h726.5 _iAYE _kR |
||